000 00689cad a22002175a 4500
001 L159146
008 130107s2010 xxk f 000 0 eng d
035 _a(Sirsi) u159146
041 0 _aeng
110 2 _aRoyal Institution of Chartered Surveyors
_94900
245 0 0 _aRICS Europe annual review 2009-2010
_h[electronic resource]
260 _bRICS
_c2010
490 0 _aRICS Europe annual review
520 _aProvides review of RICS activities in continental Europe.
590 _aKA
650 2 4 _aRICS ANNUAL REVIEW AND FINANCIAL STATEMENTS
651 4 _aEurope
690 _aBusiness and management
856 4 0 _uhttps://issuu.com/dennisjanssen/docs/02review2010
942 _n0
999 _c115703
_d115703